Algunos indicadores económicos /

Uloženo v:
Podrobná bibliografie
Hlavní autor: Moguel, José Antonio
Další autoři: Moreno, José Antonio
Médium: Text
Tagy: Přidat tag
Žádné tagy, Buďte první, kdo vytvoří štítek k tomuto záznamu!

MARC

LEADER 00000 a a2200000 04500
001 45773
003
040
100 |a Moguel, José Antonio  
245 |a Algunos indicadores económicos /  |c José Antonio Moguel y José Antonio Moreno  
700 |a Moreno, José Antonio 
773 |g número43 (1989), páginas 6-10  
999 |c 26857  |d 26857